| 000 | 01359nam a2200337Ia 4500 | ||
|---|---|---|---|
| 001 | ebr10135424 | ||
| 003 | CaPaEBR | ||
| 006 | m u | ||
| 007 | cr cn||||||||| | ||
| 008 | 050509s2005 nyu sb 001 0 eng d | ||
| 010 | _z 2005047208 | ||
| 020 | _z1403979413 | ||
| 020 | _z1403969752 (alk. paper) | ||
| 040 |
_aCaPaEBR _cCaPaEBR |
||
| 035 | _a(OCoLC)560461298 | ||
| 050 | 1 | 4 |
_aPR888.J4 _bF87 2005eb |
| 082 | 0 | 4 |
_a823/.914093529924 _222 |
| 082 | 0 | 4 |
_a23/.914093529924 _2228 |
| 100 | 1 | _aFurst, Lilian R. | |
| 245 | 1 | 0 |
_aRandom destinations _h[electronic resource] : _bescaping the Holocaust and starting life anew / _cLilian R. Furst. |
| 260 |
_aNew York : _bPalgrave Macmillan, _c2005. |
||
| 300 | _axviii, 213 p. | ||
| 504 | _aIncludes bibliographical references (p. [203]-207) and index. | ||
| 533 |
_aElectronic reproduction. _bPalo Alto, Calif. : _cebrary, _d2011. _nAvailable via World Wide Web. _nAccess may be limited to ebrary affiliated libraries. |
||
| 650 | 0 |
_aEnglish fiction _y20th century _xHistory and criticism. |
|
| 650 | 0 | _aJewish refugees in literature. | |
| 651 | 0 |
_aEnglish-speaking countries _xIn literature. |
|
| 655 | 7 |
_aElectronic books. _2local |
|
| 710 | 2 | _aebrary, Inc. | |
| 856 | 4 | 0 |
_uhttp://site.ebrary.com/lib/rucke/Doc?id=10135424 _zAn electronic book accessible through the World Wide Web; click to view |
| 999 |
_c187839 _d187839 |
||